| 000 | 00379 a2200109 4500 | ||
|---|---|---|---|
| 001 | ART_49268 | ||
| 005 | 20260410161809.0 | ||
| 008 | 260409a | ||
| 245 | 1 | 0 | _aLa triste e increíble historia del así llamado Comité de Control en la ley 24522 |
| 100 | 1 | _aTruffat, Edgardo Daniel | |
| 773 | 0 |
_tDoctrina Societaria y Concursal _g- N° 380 (jul. 2019) _wREV4298 |
|
| 999 |
_c21302 _d21302 |
||